Visualizzazione normale
Vista MARC
- Gilles Gaide
di Personal Name
Records bibliografici associati: 1
001 - CONTROL NUMBER
- control field: 35703
003 - CONTROL NUMBER IDENTIFIER
- control field: IT-RoPau
005 - DATE AND TIME OF LATEST TRANSACTION
- control field: 20150731150539.0
008 - FIXED-LENGTH DATA ELEMENTS
- fixed length control field: 150731|| aca||aabn | a|a d
040 ## - CATALOGING SOURCE
- Original cataloging agency: IT-RoPau
- Transcribing agency: IT-RoPau
100 ## - HEADING--PERSONAL NAME
- Personal name: Gilles Gaide
670 ## - SOURCE DATA FOUND
- Source citation: Work cat.: (IT-RoPau)28431: Gilles Gaide, Jerusalem, voici ton roi. (Commentaire de Zacharie, 9-14 Italiano)